000 00342nam a2200157Ia 4500
008 221030s9999 xx 000 0 und d
020 _a8120325206
041 _aEnglish
082 _a105.23
_bNIIT
100 _aNIIT
245 0 _aGame Management
260 _bPHI
_aNew Delhi
_c2004
300 _a452
650 _aManagement
942 _cBK
999 _c2430
_d2430